Départements qui ont le plus voté LFI aux élections européennes 2024 - Statistiques

Statistiques générales
  • Ce quiz a été pris 84 fois
  • Le résultat moyen est 13 sur 20
Statistiques - réponses
Hint Réponse % Correct
37,13 Seine Saint-Denis
96%
16,76 Paris
92%
13,43 Bouches du Rhône
84%
21,19 Val de Marne
84%
22,94 Val d'Oise
84%
11,11 Nord
75%
15,77 Hauts de Seine
74%
14,11 Rhône
74%
14,38 Seine et Marne
74%
16,16 Essonne
70%
12,59 Yvelines
70%
14,98 Guadeloupe
62%
18,63 Martinique
62%
20,30 La Réunion
58%
11,20 Haute Garonne
53%
10,92 Hérault
53%
10,15 Mayotte
52%
18,44 Guyane
51%
10,47 Isère
48%
10,95 Saint-Pierre et Miquelon
4%
Aucun quiz correspondant
Distribution des résultats
% des personnes avec chaque résultat
Percentile par nombre de réponses
Votre historique - résultats
Vous n’avez pas pris ce quiz